000
00339nam a22001457a 4500
003
OSt
008
201120b ||||| |||| 00| 0 eng d
100
_a
SHARMA, Ashok
245
_a
Electricity Magnetism
250
_a
1st
260
_a
New Delhi
_b
Modern Publishers
_c
2020
300
_a
196
650
_a
B.Sc Non Medical
942
_2
ddc
_c
BK
999
_c
9270
_d
9270